000 00300nam a2200109 4500
999 _c9726
_d9726
008 180716b ||||| |||| 00| 0 eng d
245 _aWagdos keeps 5k gold, karatekas haul 11 golds.
260 _aDavao City
_bSun Star Davao
_cc2016
300 _apage 18.
650 0 _928902
_aSports.
942 _2ddc
_cPER